Statistiques concernant Les principaux gazoducs russes vers l'Europe sur une carte

Cliquez ici pour prendre le quiz!

Statistiques générales

  • Ce quiz a été pris 38 fois
  • Le résultat moyen est 3 sur 6

Réponses sur la Carte

Les réponses sont colorées sur une échelle allant du rouge au vert en fonction du pourcentage des utilisateurs qui les ont devinées à leur premier essai. Vous pouvez retrouver ces pourcentages ci-dessous.
 

Statistiques - réponses

Fin des travauxNom du Gazoduc% Correct
2011Nord Stream 1
100%
2021Nord Stream 2
86%
2019Turk Stream
34%
1967Brotherhood
28%
2006Yamal-Europe
28%
2003Blue Stream
21%

Distribution des résultats

Percentile par nombre de réponses

% des personnes avec chaque résultat

Votre développement - résultats

Vous n’avez pas pris ce quiz